| 000 | 00000nam##2200000za#4500 |
| 001 | 9.613699 |
| 003 | CaOODSP |
| 005 | 20220111083434 |
| 007 | ta |
| 008 | 150406|1997||||xxc||||| f|0| 0 eng|d |
| 020 | |a0-662-25575-5 |
| 022 | |a1713-0638 |
| 040 | |aCaOODSP|beng |
| 043 | |an-cn--- |
| 086 | 1 |aNE22-1/1997-4E |
| 110 | 1 |aCanada. |bNational Energy Board. |
| 245 | 10|aIn the matter of Interprovincial Pipe Line Inc. : |bapplication dated 15 November 1996, for the construction of additional facilities and reactivation of existing facilities |
| 260 | |aCalgary - Alberta : |bNational Energy Board |cApril, 1997. |
| 300 | |a36p. : |breferences, tables ; |c28 cm. |
| 490 | 1 |aReasons for decision|x1713-0638 |
| 563 | |aSoftcover |
| 590 | |a97-19|b1997-05-09 |
| 775 | 08|tRelativement à Pipeline Interprovincial Inc. : |w(CaOODSP)9.624273 |
| 776 | 0#|tReasons for decision in the matter of Interprovincial Pipe Line Inc. : |w(CaOODSP)9.572525 |
| 830 | #0|aReasons for decision (Canada. National Energy Board)|x1713-0638|w(CaOODSP)9.514808 |
| 986 | |aOH-4-96 |